Sports Quiz

Random Sports or NCAA Quiz

NCAA Final Four All Tournament Teams Quiz Stats

 Plays Quiz not verified by Sporcle

Score 0/200 Timer 15:00
0 Plays Today
Year Player % Correct
1979Earvin Johnson
91%
1990Larry Johnson
90.6%
1976Marques Johnson
89.1%
2001Jason Williams
88.8%
1993Donald Williams
88.4%
2005Deron Williams
88%
1982Michael Jordan
87.3%
1982Patrick Ewing
86.9%
1984Patrick Ewing
86.9%
1985Patrick Ewing
86.9%
2008Derrick Rose
85%
2006Joakim Noah
81.6%
1972Bill Walton
80.9%
1973Bill Walton
80.9%
1974Bill Walton
80.9%
1991Christian Laettner
80.9%
1992Christian Laettner
80.9%
2003Carmelo Anthony
80.9%
1992Chris Webber
78.7%
1993Chris Webber
78.7%
1979Larry Bird
77.9%
2005Sean May
77.9%
1976Scott May
77.5%
1992Grant Hill
77.5%
1994Grant Hill
77.5%
1983Akeem Olajuwon
75.3%
1984Akeem Olajuwon
75.3%
2009Tyler Hansbrough
74.9%
2007Greg Oden
74.2%
1982James Worthy
73.4%
1992Jalen Rose
72.3%
2007Al Horford
70.8%
1981Isiah Thomas
69.7%
1981Jim Thomas
69.7%
1988Danny Manning
69.7%
1991Bobby Hurley
69.3%
1992Bobby Hurley
69.3%
2004Emeka Okafor
68.9%
2006Corey Brewer
68.5%
2007Corey Brewer
68.5%
1978Ron Brewer
68.2%
2002Juan Dixon
67.8%
1976Rickey Green
67.4%
2006Taurean Green
67.4%
2000Mateen Cleaves
66.7%
1997Mike Bibby
66.3%
2001Shane Battier
66.3%
2009Ty Lawson
65.9%
1999Richard Hamilton
65.5%
2008Mario Chalmers
65.5%
1974David Thompson
63.7%
1987Sherman Douglas
63.7%
1998Andre Miller
63.7%
1974Maurice Lucas
62.9%
2009Kalin Lucas
62.9%
1986Billy Thompson
62.5%
1994Corliss Williamson
61.8%
1995Corliss Williamson
61.8%
1999Elton Brand
60.7%
1989Glen Rice
60.3%
1997Bobby Jackson
59.6%
2005Raymond Felton
59.6%
2009Wayne Ellington
58.4%
2003Nick Collison
58.1%
1989Rumeal Robinson
57.7%
1996Marcus Camby
57.7%
2007Mike Conley Jr.
57.7%
Year Player % Correct
1995Ed O'Bannon
55.4%
2004Ben Gordon
55.4%
1986Pervis Ellison
53.6%
2003Kirk Hinrich
53.6%
2004Rashad Anderson
52.4%
2008Chris Douglas-Roberts
52.4%
1990Stacey Augmon
51.7%
1982Sam Perkins
50.2%
1987Derrick Coleman
50.2%
2000Morris Peterson
50.2%
2003Gerry McNamara
50.2%
2001Mike Dunleavy
49.8%
1977Mike O'Koren and Walter Davis
49.1%
1975Jim Lee
46.8%
1977Butch Lee
46.8%
1987Keith Smart
46.8%
1998Arthur Lee
46.8%
1977Bo Ellis
45.7%
2005Rashad McCants
45.7%
1987Steve Alford
45.3%
1979Mark Aguirre
44.9%
1986Johnny Dawkins
44.6%
1999Khalid El-Amin
44.2%
1996John Wallace
43.8%
1989Danny Ferry
43.4%
1993Eric Montross
43.4%
1994Antonio Lang
43.4%
1997Miles Simo
43.4%
2005Luther Head
43.4%
1996Tony Delk
43.1%
1990Anderson Hunt
42.3%
1991Anderson Hunt
42.3%
2002Lonny Baxter
41.9%
1993Jamal Mashburn
41.6%
2002Chris Wilcox
41.2%
1996Ron Mercer
40.8%
1997Ron Mercer
40.8%
1985Ed Pinckney
40.4%
1972Ron King
39.3%
1988Stacey King
39.3%
2008Brandon Rush
38.6%
1999Trajan Langdon
37.8%
1976Kent Benson
37.5%
1994Scotty Thurman
36.3%
1995Bryant Reeves
36.3%
1970Jimmy Collins
36%
1980Darrell Griffith
35.6%
1983Thurl Bailey
35.6%
1995Toby Bailey
35.6%
1990Dennis Scott
33.7%
1983Sidney Lowe
33.3%
2000Charlie Bell
33.3%
2006Lee Humphrey
33.3%
2007Lee Humphrey
33.3%
2001Richard Jefferson
32.2%
1988Sean Elliott
31.8%
1998Jeff Sheppard
31.8%
2006Jordan Farmar
31.8%
1981Al Wood
31.5%
1982Eric Floyd
31.1%
2008Darrell Arthur
31.1%
1970Artis Gilmore
28.8%
1980Joe Barry Carroll
28.8%
1998Michael Doleac
28.1%
2000Udonis Haslem
28.1%
2001Loren Woods
27.7%
1986Mark Alarie
27%
Year Player % Correct
1972Keith Wilkes
26.6%
1993George Lynch
26.6%
1970Sidney Wicks
26.2%
1971Sidney Wicks
26.2%
1978Jack Givens
26.2%
1978Mike Gminski
25.8%
2009Goran Suton
25.8%
1979Greg Kelser
24.3%
1981Landon Turner
23.6%
1997Scott Padgett
23.6%
1998Scott Padgett
23.6%
1971Howard Porter
22.8%
1975Richard Washington
22.8%
1986Tommy Amaker
22.5%
1977Cedric Maxwell
21.3%
1983Dereck Whittenburg
21.3%
2004Will Bynum
20.2%
1974Tom Burleson
19.9%
1990Phil Henderson
19.9%
1999Ricky Moore
19.9%
1994Corey Beck
19.5%
1985Dwayne McClain
19.1%
1991Mark Randall
18.7%
1984Michael Young
18.4%
2004Luke Schenscher
18%
1974Monte Towe
17.6%
1985Gary McLain
16.9%
1989John Morton
16.5%
1972Bob McAdoo
16.1%
1980Rodney McCray
16.1%
1972Jim Price
15.4%
1981Jeff Lamp
15.4%
1983Milt Wagner
15.4%
1989Gerald Greene
15.4%
2000A.J. Granger
15.4%
2002Dane Fife
15.4%
1980Kiki Vandeweghe
15%
1987Armon Gilliam
14.6%
1973Larry Finch
14.2%
2003Keith Langford
13.5%
1991Bill McCaffrey
12%
1984Michael Graham
11.6%
1978Jim Spanarkel
11.2%
1985Harold Jensen
10.9%
1995Clint McDaniel
10.9%
1971Steve Patterson
9.7%
1978Rick Robey
9.7%
1970Curtis Rowe
9.4%
1988Milt Newton
9.4%
1975Kevin Grevey
9%
1973Ernie DiGregorio
7.9%
1984Alvin Franklin
7.9%
1980Rod Foster
6.7%
1973Larry Kenon
6%
1977Jerome Whitehead
6%
1971Jim McDaniels
4.9%
1988Dave Sieger
4.9%
2002Kyle Hornsby
4.9%
1996Todd Burgan
4.5%
1975Allen Murphy
4.1%
1975Dave Myers
4.1%
1970John Vallely
2.6%
1979Gary Garland
1.9%
1973Steve Downing
1.1%
1976Tom Abernethy
1.1%
1971Hank Siemiontkowski
0%

You're not logged in!

Compare scores with friends on all Sporcle quizzes.
OR
Log In

You Might Also Like...

Show Comments

Extras

Created Mar 16, 2010ReportNominate
Tags:NCAA Quiz, final, four, player, team, tournament

Top Quizzes Today


Score Distribution

Your Account Isn't Verified!

In order to create a playlist on Sporcle, you need to verify the email address you used during registration. Go to your Sporcle Settings to finish the process.

Report this User

Report this user for behavior that violates our Community Guidelines.

Details: